| 000 | 00425nam a2200145Ia 4500 | ||
|---|---|---|---|
| 008 | 220803s9999 xx 000 0 und d | ||
| 041 | _aeng | ||
| 082 | _a722.954 GUP | ||
| 100 |
_aGupta D _928174 |
||
| 245 | _aConservation Briefs : Identification And Documentation Of Built Heritage In India | ||
| 260 |
_aNew Delhi _bIntach Pub _c2007 |
||
| 300 | _a86p | ||
| 650 |
_aArchitectural History _928175 |
||
| 700 |
_aGupta D _928174 |
||
| 999 |
_c17882 _d17882 |
||